The work of management, a leader’s guide to applying systems leadership (Record no. 532816)

000 -LEADER
fixed length control field 00468nam a22001337a 4500
008 - FIXED-LENGTH DATA ELEMENTS--GENERAL INFORMATION
fixed length control field 260319b ||||| |||| 00| 0 eng d
100 ## - MAIN ENTRY--PERSONAL NAME
Personal name Newland, Chester A.
245 ## - TITLE STATEMENT
Title The work of management, a leader’s guide to applying systems leadership
260 ## - PUBLICATION, DISTRIBUTION, ETC. (IMPRINT)
Place of publication, distribution, etc The American Review of Public Administration
300 ## - PHYSICAL DESCRIPTION
Extent 55(7-8), Oct-Nov, 2025: p.647-648
773 ## - HOST ITEM ENTRY
Main entry heading The American Review of Public Administration
906 ## - LOCAL DATA ELEMENT F, LDF (RLIN)
Subject DIP BOOK REVIEW
942 ## - ADDED ENTRY ELEMENTS (KOHA)
Item type Articles
Holdings
Withdrawn status Lost status Source of classification or shelving scheme Damaged status Not for loan Permanent location Current location Date acquired Serial Enumeration / chronology Barcode Date last seen Koha item type
          Indian Institute of Public Administration Indian Institute of Public Administration 2026-03-19 55(7-8), Oct-Nov, 2025: p.647-648 AR138334 2026-03-19 Articles

Powered by Koha